zpět

Detail výsledku týmu

Chicago Bar & Grill ÚT, Liberec

Datum a čas kvízu

21 Celkem bodů Celkový počet nahraných bodů na tomto kvízu bez doplňovacích otázek.
7. Pořadí na kvízu Konečné umístění týmu na tomto kvízu.

Zaznamenané odpovědi

# Otázka Odpověď Body Výsledky
1. Minulý týden roztálo sněhové p... Mapa republiky 1
2. V pondělí oslavil své 85. naro... dalajláma 0
3. Turecký prezident Recep Erdoğa... chrám Boží Moudrosti (Hagia Sofia) 1
4. Ve středu oslavil jeden význam... Ryanair 0
5. Fotbalisté Plzně se při střede... Roman Hubník 0
6. Různé návykové látky jsou užív... zelená, peprmintka 0
7. Užívání tabákových výrobků je... polevím z vysokejch otáček 1
8. Konopí se odpradávna používá j... kanabinoidy 0
9. Znáte nebo dokážete odvodit ná... Heroin 0
10. Kokain byl poprvé izolován v r... Medellín 1